000
00330 a2200157 4500
001
183209
020
_a
040
_c
Magnum
100
_a
Banco do Estado de Minas Gerais
240
1
0
_a
Bemge em serenata
_l
por
245
1
0
_a
Bemge em serenata
300
_a
519
362
0
_a
1993
697
_a
MÚSICA POPULAR
942
_c
BK
999
_c
183209
_d
183209